Education in Transition : (Record no. 185760)
[ view plain ]
| 000 -LEADER | |
|---|---|
| fixed length control field | 00561 a2200169 4500 |
| 003 - CONTROL NUMBER IDENTIFIER | |
| control field | Nust |
| 005 - DATE AND TIME OF LATEST TRANSACTION | |
| control field | 20230314101408.0 |
| 040 ## - CATALOGING SOURCE | |
| Transcribing agency | Nust |
| 082 ## - DEWEY DECIMAL CLASSIFICATION NUMBER | |
| Classification number | 370,DEN |
| 100 ## - MAIN ENTRY--PERSONAL NAME | |
| Personal name | Dent, H. C. |
| 9 (RLIN) | 110226 |
| 245 ## - TITLE STATEMENT | |
| Title | Education in Transition : |
| Remainder of title | a sociological study of the Impact of Wwar on English Education 1939-19343 / |
| Statement of responsibility, etc. | H.C.Dent |
| 260 ## - PUBLICATION, DISTRIBUTION, ETC. | |
| Place of publication, distribution, etc. | London |
| Name of publisher, distributor, etc. | Kegan Paul |
| Date of publication, distribution, etc. | 1943 |
| 300 ## - PHYSICAL DESCRIPTION | |
| Extent | 244, p: |
| 505 ## - FORMATTED CONTENTS NOTE | |
| Formatted contents note | Disintegration (Page-1), Recuperation (Page-33), Adaptation (Page-79), Ferment (Page-163). |
| 650 ## - SUBJECT ADDED ENTRY--TOPICAL TERM | |
| Topical term or geographic name entry element | Education in transmission |
| 9 (RLIN) | 110227 |
| 942 ## - ADDED ENTRY ELEMENTS (KOHA) | |
| Source of classification or shelving scheme | |
| Koha item type | Book |
| Withdrawn status | Lost status | Source of classification or shelving scheme | Damaged status | Not for loan | Permanent Location | Current Location | Shelving location | Date acquired | Full call number | Barcode | Date last seen | Price effective from | Koha item type | Public note |
|---|---|---|---|---|---|---|---|---|---|---|---|---|---|---|
| Military College of Signals (MCS) | Military College of Signals (MCS) | General Stacks | 12/12/2016 | 370,DEN | MCS30083 | 12/08/2016 | 12/12/2016 | Book | Almirah No.74, Shelf No.3 |
